000 00393nam a2200145Ia 4500
008 100204s9999 xx 000 0 und d
082 _b15132
100 _aराजे शैलजा
245 _aइभ्रत
260 _b"अमोल प्रकाशन, पुणे"
_c1991
300 _a153
630 _aइभ्रत
730 _aइभ्रत
942 _cBOOK
999 _c459563
_d459560